000 00252nam a22001217a 4500
008 170322b xxu||||| |||| 00| 0 eng d
041 _aeng
080 _a616.8
100 _a7
101 _aSHM
245 _aMODULAR BRAIN
_cRESTAK.R.M
942 _2udc
_cBK
999 _c8356
_d8356